Word Ladder: Overlapping 2-Word Movies Quiz Stats

 Plays Quiz Updated Jun 15, 2015

Challenge
Share
Tweet
Embed
Score 0/16 Timer 02:00
3 Plays Today
Clue 4-Letter Word % Correct
Breathe quickly, like a dogPANT
98%
Relative of ham or baconPORK
97.8%
Half of a quartPINT
97.4%
Fraction of the wholePART
97.3%
First word of a 1998 Rufus Sewell movie
OR The absence of light
• DARK •
97.3%
Actor Brad or British PM WilliamPITT
97.1%
Relative of a nerd or dweebDORK
96.6%
A fortified winePORT
96%
Clue 4-Letter Word % Correct
Sympathetic sorrowPITY
86.3%
A diminutive mountainHILL
85.2%
Second word of a 1996 Al Pacino Movie
or A room in Clue(do)
• HALL •
79.1%
Part of a religious ceremonyRITE
79%
Make a reference toCITE
78.5%
Get someone agitatedRILE
77.3%
Second word of a 1998 Rufus Sewell movie
First word of a 1996 Al Pacino Movie
• CITY •
76.8%
A small streamRILL
72.2%

Today's Daily Dose

You're not logged in!

Compare scores with friends on all Sporcle quizzes.
Join for Free
OR
Log In

You Might Also Like...

Show Comments

Extras

Top Quizzes Today


Score Distribution

Your Account Isn't Verified!

In order to create a playlist on Sporcle, you need to verify the email address you used during registration. Go to your Sporcle Settings to finish the process.

Report this User

Report this user for behavior that violates our Community Guidelines.

Details: